01003 2200325 4500001002100000005001500021035002000036007000300056008004100059020002200100040002200122082001500144084001700159090002200176100004100198245009300239250003000332300004600362500001100408650001700419700004800436850001200484504003100496264003200527336002100559337003000580338002300610999002200633990002200655INLIS00000000088256320231017105110 a0010-1023000345ta210528s2023 yoia g 1 ind d a978-623-02-6593-8 aYOPDYOGbinderda04223a621.24 a621.24 MOH m aCB-D.11 2023-25170 aMohammad Muzni Harbelubunepengarang10aMonograf optimasi turbin angin sumbu vertikal type savonius /cMohammad Muzni Harbelubun aCetakan Pertama, Mei 2023 axiv, 55 halaman :bgrafik, bagan ;c23 cm aIndeks 4aTurbin angin0 aAkhmad Hafizh Ainur Rasyid,d1988-epenulis aYOPDYOG aBibliografi: halaman 52-5331aSleman :bDeepublish,c2023 2rdacontentateks 2rdamediaatanpa perantara 2rdacarrieravolume aCB-D.11/2023-2517 aCB-D.11/2023-2517